ბათუმის შოთა რუსთაველის სახელმწიფო უნივერსიტეტის ბიბლიოთეკა

War and Nationalism: The Balkan Wars, 1912-1913 and their sociopolitical implications / (ბიბ.ჩანაწერი № 42273)

000 -LEADER
fixed length control field 00623nam a2200193Ia 4500
001 - CONTROL NUMBER
control field 8968
003 - CONTROL NUMBER IDENTIFIER
control field GE_BSU
005 - DATE AND TIME OF LATEST TRANSACTION
control field 20221116115144.0
008 - FIXED-LENGTH DATA ELEMENTS--GENERAL INFORMATION
fixed length control field 181216s||||||||xx |||||||||||||| ||und||
020 ## - INTERNATIONAL STANDARD BOOK NUMBER
International Standard Book Number 9781607812401 x
040 ## - CATALOGING SOURCE
Transcribing agency GE_BSU
041 ## - LANGUAGE CODE
Language code of text/sound track or separate title eng
080 ## - UNIVERSAL DECIMAL CLASSIFICATION NUMBER
Universal Decimal Classification number 94(497)''1912-1913''+323.1 W-26
245 ## - TITLE STATEMENT
Title War and Nationalism: The Balkan Wars, 1912-1913 and their sociopolitical implications /
Statement of responsibility, etc. Edited M.Hakan Yavuz and Isa Blumi. forew by Edvard J.Erickson
264 ## - PRODUCTION, PUBLICATION, DISTRIBUTION, MANUFACTURE, AND COPYRIGHT NOTICE
Place of production, publication, distribution, manufacture Salt Lake City :
Name of producer, publisher, distributor, manufacturer The university of Utah Press,
Date of production, publication, distribution, manufacture, or copyright notice 2013.
300 ## - PHYSICAL DESCRIPTION
Extent 884p.24cm.
653 ## - INDEX TERM--UNCONTROLLED
keyword War and nationalism
942 ## - ADDED ENTRY ELEMENTS (KOHA)
Koha item type წიგნი
Source of classification or shelving scheme
ეგზემპლარები
Withdrawn status Lost status Source of classification or shelving scheme Damaged status Not for loan Permanent Location Current Location Shelving location Date acquired Full call number Barcode Date last seen Copy number Price effective from Koha item type
          ბათუმის შოთა რუსთაველის სახელმწიფო უნივერსიტეტის მთავარი ბიბლიოთეკა ბათუმის შოთა რუსთაველის სახელმწიფო უნივერსიტეტის მთავარი ბიბლიოთეკა წიგნსაცავი 2018-12-17 94(497)''1912-1913''+323.1 W-26 31584 2018-12-17 31584 2018-12-17 წიგნი